| 000 | 00883nam0a22002531 4500 | ||
|---|---|---|---|
| 001 | v19\rc\1955043 | ||
| 005 | 20260406231855.0 | ||
| 035 | _a(NLR Aleph) 005039540 | ||
| 090 |
_a6778392 _c6778392 |
||
| 100 | _a20080428d1913 u y0rusy50 ca | ||
| 101 | 0 | _arus | |
| 102 | _aRU | ||
| 105 | _ay z ||||| | ||
| 200 | 1 | _aУстав Общества распространения правильных сведений о евреях и еврействе | |
| 210 |
_aОдесса _d1913 |
||
| 215 | _a8 с. | ||
| 710 | 0 | 2 |
_aОбщество распространения правильных сведений о евреях и еврействе _cМосква _3RU\NLR\AUTH\889984534 _9464750 |
| 801 | 0 |
_aRU _bNLR _gpsbo |
|
| 801 | 0 |
_aRU _bRuMoRGB _2psbo |
|
| 801 | 1 |
_aRU _bProSoft-M _2rusmarc |
|
| 852 |
_aNLR _j43.13.9.660 |
||
| 899 |
_aRuMoRGB _jV 116/1949 |
||
| 942 | _cBOOK | ||
| 980 | _aNB | ||